The global context of our globalizing world (Record no. 77862)

000 -LEADER
fixed length control field 01383pab a2200169 454500
008 - FIXED-LENGTH DATA ELEMENTS--GENERAL INFORMATION
fixed length control field 180718b2008 xxu||||| |||| 00| 0 eng d
100 ## - MAIN ENTRY--PERSONAL NAME
Personal name Jabbra, Joseph G.
245 ## - TITLE STATEMENT
Title The global context of our globalizing world
260 ## - PUBLICATION, DISTRIBUTION, ETC.
Date of publication, distribution, etc. 2008
300 ## - PHYSICAL DESCRIPTION
Extent p.147-58.
362 ## - DATES OF PUBLICATION AND/OR SEQUENTIAL DESIGNATION
Dates of publication and/or sequential designation Mar
520 ## - SUMMARY, ETC.
Summary, etc. This article was given as a speech at the openi9ng of the 27th International Congress of Administrative Sciences which was held in Abu Dhabi, United Arab Emirates, in July 2007. It focuses mainly on globalization as an American phenomenon and on American public administration. While the author did a significant amount of research for it, it is not a typical scientific paper. Rather, it was intended as a cri de coeur with wide-ranging and at times sweeping generalizations. As such, it may, on the one hand, be received by many readers with enthusiasm, and on the other hand, some scholars may criticize it for its claims. The author hopes that as a motivational speech, this article will cause both its supporters and detractors to engage in further research, making sure that the discipline and profession of public administration will be protected from the negative inroads of globalization and energized by the latter's positive contributions. - Reproduced.
650 ## - SUBJECT ADDED ENTRY--TOPICAL TERM
Topical term or geographic name entry element Globalization
773 ## - HOST ITEM ENTRY
Main entry heading International Review of Administrative Sciences
908 ## - PUT COMMAND PARAMETER (RLIN)
Put command parameter N
909 ## -
-- 77862
Holdings
Withdrawn status Lost status Damaged status Not for loan Permanent Location Current Location Date acquired Serial Enumeration / chronology Barcode Date last seen Price effective from Koha item type
        Indian Institute of Public Administration Indian Institute of Public Administration 2018-07-19 Volume no: 74, Issue no: 1 AR78322 2018-07-19 2018-07-19 Articles

Powered by Koha